Genshin Characters but really badly explained - Statistics

General Stats
  • This quiz has been taken 262 times
    236 since last reset
  • The average score is 78 of 113
Answer Stats
Hint Answer % Correct
The mc who ends up losing track of the plot Aether/Lumine
93%
Archon of femboys Venti
86%
"Osmanthus wine tastes the same as I remember, but where are those who share the memories?" Zhongli
85%
first and best girl at all times Amber
84%
yappatron with a raven Fischl
84%
cavalry captain with no horses Kaeya
84%
BOOM BOOM BAKUDAN!!!! Klee
84%
Person who cut an island in half, killed a giga snake, and then there's the one who lives for Dango Milk, often confused fans because they're literally the same Raiden/Ei
84%
Raised by wolves (literally) Razor
84%
Threw Ei out of her solitary confinement Yae Miko
83%
Batman that needs a model upgrade Diluc
82%
Will sponsor you her coffin business no matter what Hu Tao
82%
your 50/50 nightmare, iconic spammed sticker in the Genshin official server during the 1st anniversary fiasco Qiqi
82%
"hey girlie, hold still", and we're also wondering how he hasn't miraculously died yet Tartaglia/ Childe
82%
Cats Against Alcoholism Diona
81%
Focalors's favorite oc Furina
80%
We all tried to open her house in Mondstadt with Barbara or any Hydro character, is broker than you after a character rerun Mona
80%
Richest person in all of Teyvat (yes, it's canon) Ningguang
80%
Emo nun Rosaria
80%
Blastoise in gameplay, floods when he's depressed Neuvillette
79%
Exhausted by Cyno's jokes at all times Tighnari
79%
"Feeble scholar" and he has more muscle than Itto, Kaveh's "roommate" Alhaitham
78%
The Jokester himself, always ready for TCG time Cyno
78%
Sassy architect that needs to be paid more for what he does Kaveh
78%
popsicle boi Chongyun
77%
Casino mommy, "five star Xingqiu", got less than five lines per year per Lantern Rite, Hydro cuntress until Furina Yelan
77%
Candeez nuts- Candace
76%
Grandma (Sumeru edition) and also looks like Hatsune Miku Faruzan
76%
Amazon delivery cat Kirara
76%
Insomniac college student with a split personality Layla
76%
Hated by all of Sumeru even though she did nothing wrong Nahida
76%
Tartaglia is her favorite thing to throw across dimensions, has a whole narwhal as a pet Skirk
76%
Green furry with the rat tail and assists Albedo in his shenanigans Sucrose
76%
Attacks by taking pictures, The Steambird's best employee fr Charlotte
75%
The scammer next door who somehow found her way to Nod-Krai Dori
75%
Literally shapeshifts into a lantern Flins
75%
Was the meta cryo dps for a long while, the mythical cocogoat Ganyu
75%
Ajaw's worst nightmare Kinich
75%
PEW PEW PEW, stopped mid fight to look at fireworks in her trailer Yoimiya
75%
Grandma (Natlan edition) Citlali
74%
Ara ara supreme (and the og mommy) Lisa
73%
Pufferfish spammer Mualani
73%
Eepy ninja Sayu
73%
Cowgirl that competes with Paimon in terms of food consumption Varesa
73%
Tea is his bestie, catalyst but uses fists, and we still can't pronounce his name properly Wriothesley
73%
Chinese opera performance coming to your Liyue theaters soon Yun Jin
73%
She was given to us in the mail and never got constellations lol Aloy
72%
Infinite boba tea generator Kamisato Ayato
72%
The only sane member in the Arataki Gang Kuki Shinobu
72%
Driving in my car, right after a beer, hey that bump is shaped like a deer- Lauma
72%
Has the edgiest look but his pastime is literally growing veggies Ororon
72%
His name literally means "short" in Chinese Xiao
72%
Small genius who somehow has the Fatui and other Nodkrai factions peeing their pants Aino
71%
Has generational beef with Sara, and has many iconic lines, also he loves beetles Arataki Itto
71%
Actually present in the manga and wasn't out until Sumeru dropped Collei
71%
Gordon Ramsay Escoffier
71%
Hyped before Natlan release in the Travail trailer, ended up being a fitness coach Iansan
71%
Natlan's best breakdancer (she's two apples tall) Kachina
71%
Fake catgirl (purple edition) Keqing
71%
Taylor Swift as the fandom calls her, professional sunglasses flexer and cannon summoner Navia
71%
four star yelan Xingqiu
71%
Goes underwater when stressed, him and his penguin are so wholesome Freminet
70%
The next Knave, magics himself into a cat, his trailer had drastically different receptions Lyney
70%
Her kit is so bad (she deserved better), also fake catgirl (Pyro edition) Dehya
69%
He's a gamer trust, and the fandom can't pronounce his name either Gaming
69%
Got called a clanker by Jahoda, is on her way to steal Cyno and Noelle's jobs Ineffa
69%
the best shielder before Zhongli Noelle
69%
Will he do the fandango? Scaramouche/Wanderer
69%
Perfume lady everyone forgot about somehow Emilie
68%
He just turned five Ifa
68%
Raiden's number one simp Kujou Sara
68%
Called the traveler, their siblings and Paimon an idiot, the REAL catgirl Lynette
68%
Malewife (everyone thought he was gonna be mean in his beta) Thoma
68%
Can handle anything BUT divorce cases Yanfei
68%
Raised by birds (literally) Chasca
67%
We all thought she was going to be a biblically accurate angel Columbina
67%
How to train your dragon except the dragon becomes human Durin
67%
Forehead tick tack toe, the fandom loves to think she's a yandere (she isn't) Kamisato Ayaka
67%
Murderous intent backed by grass consumption, one of Cloud Retainer's disciples Shenhe
67%
Everyone forgot her until she had a whole island in a summer event, underrated rock baddie Xinyan
67%
Fought a sea monster without a Vision AND IS STILL A 4STAR. Beidou
66%
Surprise baptism! Dahlia
66%
It takes two to tango, literally the only physical dps in the game Eula
66%
He's gonna steal the moon, hyped since he was mentioned in Mondstadt Varka
66%
the real polearm archon who has a god as a pet Xiangling
66%
Crashed out at Mavuika (justified) Xilonen
66%
Spider eater (yes it's canon), made out of chalk Albedo
65%
Tried to kidnap Yoimiya, made Yae Miko cry, blew up part of Stormterror's lair to make it aesthetically look good, and a lot of other crimes against Teyvat Alice
65%
BOUKEN DA BOUKEN- Bennett
65%
First crossbow user that gave everyone false hope for a new weapon type (he's a polearm) Mika
65%
Changed the bloom meta, and she spin Nilou
65%
Miss Hina's true appearance Gorou
63%
Nuclear powered Yelan Nefer
60%
First Dendro character we saw ingame, didn't release until two/three years later after the fact Baizhu
59%
GAMBATTENEEEEE Barbara
59%
GO YUEGUI!!! Yaoyao
58%
Himeko without the obligatory death Mavuika
57%
Cyno's cousin (they're not even related), forgotten after Cyno's 2nd story quest Sethos
57%
Handed the Traveler their butt over, killed her best friend and only got away with hallucinations of dead kids and a curse that can kill her anytime if she gets too angy Arlecchino
56%
Made overload great again, consumer of junk food, Pom-Pom's lost cousin Chevreuse
56%
Has the same name as an Attack on Titan character Jean
56%
Birdonetta Xianyun
54%
Mikasa Ackerman is also played by her JP VA Clorinde
53%
Canadian Aether in possession of Naku Weed Kaedehara Kazuha
52%
Katheryne Pro Max Sandrone
52%
Teyvat's only therapist Yumemizuki Mizuki
50%
Her name literally means strawberry Jahoda
49%
Was theorized to be a dragon, ended up being unable to crit Sangonomiya Kokomi
48%
His first bday art made history Shikanoin Heizou
44%
She slays, she's sassy, and she got completely overshadowed by Arle on her release Chiori
41%
Her name sounds too much like Yelan LanYan
41%
Do NOT let her make drinks Sigewinne
33%
N in the Hexenzirkel Nicole Reeyn
24%
No matching quizzes found
Score Distribution
Percent of People with Each Score
Percentile by Number Answered
Your Score History
You have not taken this quiz since the last reset